| 000 | 00513nam a2200109Ia 4500 | ||
|---|---|---|---|
| 008 | 230907s9999||||xx |||||||||||||| ||und|| | ||
| 082 |
_a621.560973 _bASH |
||
| 245 | 0 | _aASHRAE 15-2016 (PACKAGED W/ 34-2016) STANDARD 15-2016 (PACKAGED W/ STANDARD 34-2016) -- safety standard for refrigeration systems AND DESIGNATION AND CLASSIFICATION OF REFRIGERANTS (ANSI APPROVED) | |
| 260 |
_aAmerican Society of Heating, Refrigerating and Air-Conditioning Engineers (ASHRAE), _bAtlanta : _c2016 |
||
| 300 | _a33 p. | ||
| 942 | _cBK | ||
| 999 |
_c599482 _d599482 |
||